000 00618nam a2200229 i 4500
001 bg
100 1 _aARENS, Alvin A.
245 1 0 _aAuditing an integrated approach /
_cAlvin A. Arens, James K. Loebbecke.
250 _a4th ed.
260 _aEnglewood Cliffs :
_bPrentice-Hall,
_c1988.
300 _aXVI, 832 s. ;
_c25 cm.
504 _aIndeks.
650 9 _aPrzedsiębiorstwo
_xfinanse
_xkontrola
700 1 _aLOEBBECKE, James K.
020 _a0130509159
040 _cBPK
041 0 _aeng
080 _a658.14/.17
920 _a0-13-050915-9
942 _cKS
008 s pl f |000 0 pol
999 _c44764
_d44764
856 _uhttp://koha.tu.koszalin.pl/cgi-bin/koha/opac-detail.pl?biblionumber=44764
_yKatalog online BPK